书目信息 |
| 题名: |
ASP.NET 3.5 SP1 高级编程
|
|
| 作者: | 伊文詹 , 汉森姆 , 瑞德 著 ;姜奇平 译 | |
| 分册: | ||
| 出版信息: | 北京 清华大学出版社 2010.01 |
|
| 页数: | 1507页 | |
| 开本: | 26cm | |
| 丛书名: | ||
| 单 册: | ||
| 中图分类: | TP393.092 | |
| 科图分类: | ||
| 主题词: | 主页制作--程序设计 | |
| 电子资源: | ||
| ISBN: | 978-7-302-21548-6 | |
| 000 | 01133nam0 2200301 450 | |
| 001 | 1038463070 | |
| 005 | 20101122105241.45 | |
| 010 | @a978-7-302-21548-6@dCNY158.00 | |
| 100 | @a20101129d2010 km y0chiy0120 ea | |
| 101 | 1 | @achi@ceng |
| 102 | @aCN@b110000 | |
| 105 | @aa z 000yy | |
| 200 | 1 | @aASP.NET 3.5 SP1 高级编程@f(美) Bill Evjen, Scott Hanselman, Devin Rader著@g姜奇平译 |
| 210 | @a北京@c清华大学出版社@d2010.01 | |
| 215 | @a1507页@d26cm | |
| 305 | @a由 Wiley Publishing, Inc.授权出版据原书第6版译出 | |
| 312 | @a英文题名:取自封面 | |
| 314 | @a本书责任者的汉译姓:取自版权页 | |
| 330 | @a本书概述了ASP. NET3.5SP1的诸多功能,提供了大量的C#和 VB范例,论述了ADO.NETEntityFramework、ADO.NETDynamic Data和 ADO.NET Data Services等内容。 | |
| 500 | 10 | @aProfessional ASP.NET 3.5 SP1 in C# and VB@mChinese |
| 606 | 0 | @a主页制作@x程序设计 |
| 690 | @aTP393.092@v4 | |
| 701 | 1 | @a伊文詹@Ayi wen zhan@g(Evjen, Bill)@4著 |
| 701 | 1 | @a汉森姆@Ahan sen mu@g(Hanselan, Scott)@4著 |
| 701 | 1 | @a瑞德@Arui de@4(Rader, Devin) |
| 702 | 0 | @a姜奇平@Ajiang qi ping@4译 |
| 801 | 0 | @aCN@c20101129 |
| 905 | @dTP393.092@eY499 | |
| ASP.NET 3.5 SP1 高级编程/(美) Bill Evjen, Scott Hanselman, Devin Rader著/姜奇平译.-北京:清华大学出版社,2010.01 |
| 1507页;26cm |
| ISBN 978-7-302-21548-6:CNY158.00 |
| 本书概述了ASP. NET3.5SP1的诸多功能,提供了大量的C#和 VB范例,论述了ADO.NETEntityFramework、ADO.NETDynamic Data和 ADO.NET Data Services等内容。 |
| ● |
| 相关链接 |
|
|
|
正题名:ASP.NET 3.5 SP1 高级编程
索取号:TP393.092/Y499
 
预约/预借
| 序号 | 登录号 | 条形码 | 馆藏地/架位号 | 状态 | 备注 |
| 1 | 1034387 | 210343877 | 自科二线400A/400A自科库 3排2列1层/ [索取号:TP393.092/Y499] | 在馆 | |
| 2 | 1034388 | 210343886 | 自科库301/301自科库 130排1列2层/ [索取号:TP393.092/Y499] | 在馆 | |
| 3 | 1034389 | 210343895 | 自科二线400A/400A自科库 2排1列5层/ [索取号:TP393.092/Y499] | 在馆 |